000 00806nam a2200253Ia 4500
003 OSt
005 20220923211448.0
006 a|||||r|||| 00| 0
007 ta
008 Pun
020 _a9789350683217 (hbk)
_c150
024 _a282,865
037 _b864, 14/08/2014, H.K. Prakashan
_cTextual
040 _aARTS
_cARTS
_bPun
041 _2Pun
_aPun
082 _aO153,1NK01x, Q3
100 _aਕੋਮਲ, ਹਰਨੇਕ ਸਿੰਘ
_9156315
245 0 _aਰਹੇ ਸਲਾਮਤ ਸੱਚ
260 _aਚੰਡੀਗੜ
_b ਲੋਕਗੀਤ
_c2013
300 _a80ਪੰ
_ccm.
650 _aਪੰਜਾਬੀ ਸਾਹਿਤ
942 _hO153,1NK01x, Q3
_cTEXL
_2CC
999 _c299768
_d299768